Garrod, Turner & Son 1770-1970 (Record no. 107654)

MARC details
000 -LEADER
fixed length control field 00587cam a22001935a 4500
001 - CONTROL NUMBER
control field L141421
008 - FIXED-LENGTH DATA ELEMENTS--GENERAL INFORMATION
fixed length control field 071122s1970 xxkc of 000 0deng d
035 ## - SYSTEM CONTROL NUMBER
System control number (Sirsi) u141421
041 0# - LANGUAGE CODE
Language code of text/sound track or separate title eng
110 2# - MAIN ENTRY--CORPORATE NAME
Corporate name or jurisdiction name as entry element Garrod, Turner and Son
9 (RLIN) 5459
245 00 - TITLE STATEMENT
Title Garrod, Turner & Son 1770-1970
260 ## - PUBLICATION, DISTRIBUTION, ETC.
Place of publication, distribution, etc. Ipswich
Name of publisher, distributor, etc. s.n.
Date of publication, distribution, etc. 1970
300 ## - PHYSICAL DESCRIPTION
Extent 16 p.
Other physical details ill.
Dimensions 22 cm.
520 ## - SUMMARY, ETC.
Summary, etc. A history of the firm of Garrod, Turner & Son: surveyors, auctioneers and estate agents.
520 ## - SUMMARY, ETC.
Summary, etc. Title from cover.
651 #4 - SUBJECT ADDED ENTRY--GEOGRAPHIC NAME
Geographic name Suffolk
690 ## - LOCAL SUBJECT ADDED ENTRY--TOPICAL TERM (OCLC, RLIN)
Topical term or geographic name as entry element ABOUT RICS-RICS MEMBERS-CHARTERED SURVEYORS
942 ## - ADDED ENTRY ELEMENTS (KOHA)
Suppress in OPAC 0
Holdings
Withdrawn status Lost status Source of classification or shelving scheme Damaged status Not for loan Home library Current library Shelving location Date acquired Total Checkouts Full call number Barcode Date last seen Copy number Price effective from Koha item type
    Dewey Decimal Classification     London London Reference copy 22/11/2007   920 GAR 30074459 06/08/2019 1 06/08/2019 Book
    Dewey Decimal Classification     London London Books 26/11/2007   920 GAR 30074465 06/08/2019 2 06/08/2019 Book